Statistics for New Zealand All Blacks Rugby -25 or more points in a test

Click here to take the quiz!

General Stats

  • This quiz has been taken 1,087 times
    (605 since last reset)
  • The average score is 17 of 26

Answer Stats

Points Opponent Year Player % Correct
26Wales2005Dan Carter
98%
26England2006Dan Carter
98%
25South Africa2006Dan Carter
98%
25France2004Dan Carter
98%
27Wales2010Dan Carter
98%
29Canada2007Dan Carter
98%
33Lions2005Dan Carter
98%
26Wales2016Beauden Barrett
76%
28Canada1995Andrew Mehrtens
65%
29France2000Andrew Mehrtens
65%
33Ireland1997Andrew Mehrtens
65%
29Australia1999Andrew Mehrtens
65%
26Fiji1987Grant Fox
64%
25Western Samoa1993Grant Fox
64%
25South Africa1997Carlos Spencer
64%
33Argentina1997Carlos Spencer
64%
30Japan1995Marc Ellis
50%
45Japan1995Simon Culhane
46%
25Fiji1997Jeff Wilson
42%
33Portugal2007Nick Evans
40%
32Tonga2000Tony Brown
37%
30Samoa2001Tony Brown
37%
36Italy1999Tony Brown
37%
26Samoa1999Tony Brown
37%
29Tonga2003Leon MacDonald
33%
26Australia1982Allan Hewson
26%

Score Distribution

Percentile by Number Answered

Percent of People with Each Score

Your Score History

You have not taken this quiz since the last reset